Home States of Losing U.S. Presidential Candidates - Statistics

General Stats
  • This quiz has been taken 71 times
  • The average score is 35 of 64
Answer Stats
Year Candidate State % Correct
2020 Donald Trump Florida
93%
1980 Jimmy Carter Georgia
93%
1992 George H.W. Bush Texas
93%
2008 John McCain Arizona
91%
2016 Hillary Clinton New York
91%
2012 Mitt Romney Massachusetts
89%
1960 Richard Nixon California
86%
1984 Walter Mondale Minnesota
80%
1968 George Wallace Alabama
79%
1988 Michael Dukakis Massachusetts
75%
2000 Al Gore Tennessee
75%
2004 John Kerry Massachusetts
73%
1976 Gerald Ford Michigan
73%
1912 Theodore Roosevelt New York
70%
1992 Ross Perot Texas
70%
1796 Thomas Jefferson Virginia
70%
1964 Barry Goldwater Arizona
64%
1800 John Adams Massachusetts
63%
1996 Bob Dole Kansas
61%
1816 John Quincy Adams Massachusetts
61%
1968 Hubert Humphrey Minnesota
61%
1928 Al Smith New York
61%
1828 John Quincy Adams Massachusetts
57%
1944, 1948 Thomas Dewey New York
57%
1888 Grover Cleveland New York
55%
1932 Herbert Hoover California
54%
1860 Stephen Douglas Illinois
54%
1848 Martin Van Buren New York
54%
1812 DeWitt Clinton New York
54%
1824 Andrew Jackson Tennessee
54%
1840 Martin Van Buren New York
52%
1808 George Clinton New York
52%
1924 Robert La Follette Wisconsin
52%
1872 Horace Greeley New York
50%
1912 William Taft Ohio
50%
1952, 1956 Adlai Stevenson Illinois
48%
1832 Henry Clay Kentucky
48%
1916 Charles Evans Hughes New York
48%
1876 Samuel Tilden New York
48%
1868 Horatio Seymour New York
48%
1892 Benjamin Harrison Indiana
46%
1844 Henry Clay Kentucky
46%
1824 Henry Clay Kentucky
46%
1940 Wendell Wilkie New York
46%
1856 Millard Fillmore New York
46%
1936 Alf Landon Kansas
45%
1836 William Henry Harrison Ohio
45%
1972 George McGovern South Dakota
45%
1908 William Jennings Bryan Nebraska
43%
1896, 1900 William Jennings Bryan Nebraska
43%
1904 Alton B. Parker New York
41%
1816 Rufus King New York
41%
1920 James Cox Ohio
41%
1860 John Breckinridge Kentucky
39%
1884 James Blaine Maine
36%
1804, 1808 Charles Pinckney South Carolina
36%
1864 George McClellan New Jersey
34%
1860 John Bell Tennessee
29%
1924 John Davis West Virginia
29%
1856 John Fremont California
23%
1824 William Crawford Georgia
21%
1848 Lewis Cass Michigan
20%
1880 Winfield Hancock Pennsylvania
20%
1852 Winfield Scott New Jersey
18%
No matching quizzes found
Score Distribution
Percent of People with Each Score
Percentile by Number Answered
Your Score History
You have not taken this quiz